000 00294nam a22001337a 4500
008 260424b ||||| |||| 00| 0 eng d
020 _a9789951171083
041 _aShqip
080 _a821.18
100 _a40
101 _aPoezi
245 _aLibri i Mallit
_cVehbi Miftari
942 _2udc
_cBK
999 _c60990
_d60990